| 000 | 01103nam a22001937a 4500 | ||
|---|---|---|---|
| 003 | OSt | ||
| 005 | 20260220085647.0 | ||
| 008 | 260220b |||||||| |||| 00| 0 eng d | ||
| 040 |
_aDWCL GS library _cOC |
||
| 082 | _aFic. D341d 1989 | ||
| 100 | _aAngeli, Marguerite De | ||
| 245 |
_athe door in the wall _bMarguerite De Angeli |
||
| 260 |
_aNew York _bDoubleday dell publishing group Inc. _cc1949 |
||
| 300 |
_a120 _billustrations _c20cm |
||
| 520 | _aSet in 14th-century England, The Door in the Wall by Marguerite de Angeli is a Newbery Medal-winning historical novel about Robin de Bureford, a young nobleman who must find his own "door in the wall" after a sudden illness leaves his legs paralyzed. Robin learns soon enough what brother luke means. And when the great castle of lindsay is in danger, it is Robin, who cannot mount a hourse and ride to battle, who saves the towns people and discovers that there is more than one way to serve his king. | ||
| 546 | _aEnglish | ||
| 700 | _a Marguerite De Angeli | ||
| 942 |
_2ddc _cFIC. _hFic. D341d 1989 _n0 |
||
| 999 |
_c8480 _d8480 |
||